[Event "2024 British Rapidplay Championship"]
[Site "Holiday Inn Peterborough - West"]
[Date "2024.03.03"]
[Round "7.39"]
[White "Fellowes, Billy"]
[Black "Leung, Hao Ran"]
[Result "1/2-1/2"]
[WhiteFideId "483540"]
[BlackFideId "6012620"]
[WhiteElo "1959"]
[BlackElo "1865"]
[EventDate "2024.03.02"]

1. d4 Nf6 2. Bf4 e6 3. Nc3 d5 4. Nb5 Bd6 5. Nxd6+ cxd6 6. e3 O-O 7. Nf3 Nc6 8. c3
a6 9. Qc2 Re8 10. Bg5 e5 11. Be2 Be6 12. O-O h6 13. Bh4 g5 14. Bg3 Ne4 15. c4 Bf5
16. Qd1 dxc4 17. dxe5 dxe5 18. Bxc4 Qe7 19. Qe2 Be6 20. Rfd1 Nxg3 21. hxg3 Rad8 22.
Rac1 Bg4 23. Qc2 Rxd1+ 24. Rxd1 e4 25. Rc1 exf3 26. Qg6+ Kf8 27. Qxh6+ Kg8 28. Qg6+
Kf8 29. Qh6+ Kg8 30. Qg6+ Kf8 31. Qh6+ 1/2-1/2

[Event "2024 British Rapidplay Championship"]
[Site "Holiday Inn Peterborough - West"]
[Date "2024.03.03"]
[Round "7.40"]
[White "Kothari, Jai"]
[Black "Brocklehurst, Andrew"]
[Result "1-0"]
[WhiteFideId "477117"]
[BlackFideId "424765"]
[WhiteElo "1908"]
[BlackElo "1896"]
[EventDate "2024.03.02"]

1. e4 c5 2. Nc3 d6 3. f4 Nc6 4. Nf3 a6 5. a4 g6 6. Bc4 Bg7 7. O-O Nf6 8. h3 O-O 9.
d3 e6 10. Qe1 d5 11. Ba2 Nb4 12. Bb1 Bd7 13. e5 Ne8 14. Ne2 b5 15. c3 Nc6 16. Be3
bxa4 17. Bxc5 Ne7 18. Bc2 Nc7 19. Ned4 Re8 20. Bxa4 Nb5 21. Qd2 Rc8 22. b4 Bf8 23.
Bxb5 axb5 24. Nb3 Nf5 25. d4 Ng3 26. Rfe1 Ne4 27. Qe3 Bg7 28. Nfd2 f5 29. Ra7 Bc6
30. Rea1 Qh4 31. Nxe4 dxe4 32. Kh2 Bd5 33. Nd2 g5 34. g3 gxf4 35. gxh4 fxe3 36. Rg1
Rxc5 37. Rgxg7+ Kh8 38. Rxh7+ Kg8 39. Rag7+ Kf8 40. h5 Rc7 41. Rxc7 exd2 42. Rh8#
1-0

[Event "2024 British Rapidplay Championship"]
[Site "Holiday Inn Peterborough - West"]
[Date "2024.03.03"]
[Round "7.41"]
[White "Rich, Aaron"]
[Black "Garnett, John S"]
[Result "1-0"]
[WhiteFideId "499951"]
[BlackFideId "410829"]
[WhiteElo "1767"]
[BlackElo "1950"]
[EventDate "2024.03.02"]

1. b3 e5 2. Bb2 Nc6 3. e3 a6 4. Ne2 Nf6 5. f4 exf4 6. Nxf4 g6 7. Qf3 Bg7 8. Nd5 Nh5
9. Ndc3 O-O 10. Na4 Bxb2 11. Nxb2 Qf6 12. Nc3 Qxf3 13. gxf3 Nf6 14. a3 d5 15. O-O-O
Re8 16. Bg2 d4 17. exd4 Nxd4 18. Rde1 Bf5 19. d3 Rad8 20. Nc4 Nh5 21. f4 Nxf4 22.
Bxb7 Nxb3+ 23. Kb2 Nc5 24. Be4 Nxe4 25. Nxe4 Kg7 26. Ncd2 Rb8+ 27. Kc1 Bg4 28. Ng3
Nd5 29. Nde4 Rb6 30. h3 Bf3 31. Rhf1 Bxe4 32. Rxe4 Reb8 33. Kd2 Re6 34. Rxe6 fxe6
35. Ne4 e5 36. Ng5 Nf4 37. h4 Rb6 38. Re1 Ng2 39. Re4 Rf6 40. Rxe5 Nxh4 41. Re7+
Kh6 42. Nf7+ Kh5 43. Rxc7 Nf5 44. Ne5 h6 45. Rc4 g5 46. Re4 Nd6 47. Re1 g4 48. Rh1+
Kg5 49. c4 h5 50. c5 Nb5 51. c6 g3 52. a4 Nc7 53. Rb1 h4 54. Rb7 g2 55. Rxc7 h3 56.
Rg7+ Kf4 57. c7 Rf8 58. Ng6+ Kf3 59. Nxf8 h2 60. c8=Q h1=Q 61. Qf5+ 1-0

[Event "2024 British Rapidplay Championship"]
[Site "Holiday Inn Peterborough - West"]
[Date "2024.03.03"]
[Round "7.42"]
[White "Borrowdale, Graham E"]
[Black "Quilter, Thomas A"]
[Result "1-0"]
[WhiteFideId "416673"]
[BlackFideId "408530"]
[WhiteElo "1905"]
[BlackElo "2051"]
[EventDate "2024.03.02"]

1. c4 Nf6 2. Nc3 d6 3. d4 e5 4. dxe5 dxe5 5. Qxd8+ Kxd8 6. g3 Be6 7. b3 c6 8. Bb2
Nbd7 9. Nf3 Bf5 10. Bg2 Kc7 11. Rd1 Rd8 12. O-O Bc5 13. Na4 Bd6 14. c5 Bxc5 15. Nxc5
Nxc5 16. Bxe5+ Kc8 17. Nd4 Bd7 18. Rc1 b6 19. Nxc6 Bxc6 20. Bxc6 Nfd7 21. Bxg7 Rhg8
22. Bd4 Kb8 23. Rfd1 Rg6 24. Bxc5 Rxc6 25. Bd6+ Kb7 26. Rxc6 Kxc6 27. Bf4 Re8 28.
Rd6+ Kc7 29. Re6+ Kd8 30. Bc7+ Kxc7 31. Rxe8 Kc6 32. Re7 a5 33. Rxf7 Nc5 34. Rxh7
Kb5 35. Rh6 Ne4 36. a4+ Kc5 37. f4 Nd2 38. f5 Nxb3 39. f6 Kd6 40. f7+ Ke7 41. Rxb6
Nc5 42. Rb5 Nxa4 43. Rxa5 Nc3 44. Rf5 Kf8 45. h4 Nxe2+ 46. Kf2 Nc3 47. h5 Ne4+ 48.
Kf3 Nd6 49. Rf6 Nc4 50. h6 Ne5+ 51. Ke4 Ng4 52. Rg6 Nf2+ 53. Kf5 Kxf7 54. h7 Ne4
55. h8=Q Nd6+ 56. Rxd6 1-0

[Event "2024 British Rapidplay Championship"]
[Site "Holiday Inn Peterborough - West"]
[Date "2024.03.03"]
[Round "7.43"]
[White "Kaushik, Madhav"]
[Black "Fraser-Mitchell, Jeremy N"]
[Result "1-0"]
[WhiteFideId "499986"]
[BlackFideId "405000"]
[WhiteElo "1559"]
[BlackElo "1984"]
[EventDate "2024.03.02"]

1. e4 Nc6 2. Nf3 Nf6 3. e5 Ng4 4. d4 d6 5. h3 Nh6 6. c4 dxe5 7. d5 e4 8. Ng5 Ne5
9. Nxe4 Bf5 10. Ng3 Qd6 11. Nc3 Bg6 12. Be2 O-O-O 13. O-O f5 14. Nb5 Qb6 15. Be3
c5 16. b4 e6 17. f4 exd5 18. cxd5 Nd7 19. d6 a6 20. bxc5 1-0

[Event "2024 British Rapidplay Championship"]
[Site "Holiday Inn Peterborough - West"]
[Date "2024.03.03"]
[Round "7.44"]
[White "Lishoy Gengis Paratazham, Dildarav"]
[Black "Milewska, Agnieszka"]
[Result "1-0"]
[WhiteFideId "491462"]
[BlackFideId "1196391"]
[WhiteElo "1913"]
[BlackElo "1823"]
[EventDate "2024.03.02"]

1. e4 e5 2. Nf3 Nc6 3. Bc4 Bc5 4. d3 Nf6 5. c3 O-O 6. O-O h6 7. Nbd2 d5 8. exd5 Nxd5
9. h3 Nf4 10. Ne4 Bb6 11. Bxf4 exf4 12. Qd2 Na5 13. Qxf4 Nxc4 14. dxc4 f5 15. Ng3
c6 16. Rad1 Qe7 17. Rfe1 Qf7 18. Ne5 Bc7 19. Qd4 Bxe5 20. Rxe5 Be6 21. Qf4 Bxc4 22.
Rxf5 Qe6 23. b3 Rxf5 24. Qxf5 Qxf5 25. Nxf5 Be6 26. Ne3 Kf7 27. f4 g6 28. Kf2 a5
29. c4 a4 30. Rd2 axb3 31. axb3 Ra3 32. Rb2 c5 33. b4 cxb4 34. Rxb4 Ra2+ 35. Kf3
Bc8 36. Rb6 Ra6 37. Rb5 Rc6 38. g4 b6 39. Rb4 Bb7 40. Kg3 Rd6 41. Rb3 Ke6 42. c5
Rc6 43. Rxb6 Rxb6 44. cxb6 Kd7 45. Nc4 Kc6 46. Na5+ Kxb6 47. Nxb7 Kxb7 48. f5 gxf5
49. gxf5 Kc6 50. Kg4 Kd6 51. Kh5 Ke7 52. Kg6 Kf8 53. Kf6 h5 54. h4 Kg8 55. Ke7 1-0

[Event "2024 British Rapidplay Championship"]
[Site "Holiday Inn Peterborough - West"]
[Date "2024.03.03"]
[Round "7.45"]
[White "Buckley, Graeme N"]
[Black "Sasikumar, Srivathsan"]
[Result "1-0"]
[WhiteFideId "402265"]
[BlackFideId "343401279"]
[WhiteElo "2267"]
[BlackElo "1766"]
[EventDate "2024.03.02"]

1. e4 c5 2. Nf3 Nc6 3. Bb5 e6 4. Bxc6 bxc6 5. d3 d5 6. Qe2 Nf6 7. O-O Be7 8. b3 O-O
9. Nbd2 Qc7 10. Bb2 Ba6 11. c4 d4 12. e5 Nd7 13. Rae1 Rfe8 14. h3 f6 15. exf6 Bxf6
16. Bc1 Re7 17. Ne4 Rf8 18. Nh2 Ref7 19. g3 Be7 20. Bg5 h6 21. Bxe7 Rxe7 22. f4 e5
23. f5 Bc8 24. g4 Ref7 25. Nf3 a5 26. Nh4 Re8 27. Kg2 Nf6 28. Nxf6+ Rxf6 29. Nf3
Rf7 30. Nd2 1-0

[Event "2024 British Rapidplay Championship"]
[Site "Holiday Inn Peterborough - West"]
[Date "2024.03.03"]
[Round "7.46"]
[White "Cheng, Wing"]
[Black "Surtees, Mike J"]
[Result "0-1"]
[WhiteFideId "343443621"]
[BlackFideId "412619"]
[WhiteElo "1829"]
[BlackElo "2035"]
[EventDate "2024.03.02"]

1. e4 c6 2. d4 d5 3. e5 Bf5 4. Bd3 Bxd3 5. Qxd3 e6 6. Ne2 Qb6 7. Nd2 Na6 8. c3 c5
9. f4 Nh6 10. a3 Rc8 11. Nf3 cxd4 12. Nexd4 Nc5 13. Qb5+ Qxb5 14. Nxb5 a6 15. Nbd4
g6 16. O-O Nf5 17. g4 Nxd4 18. Nxd4 h5 19. f5 hxg4 20. fxg6 fxg6 21. Rf6 Bg7 22.
Rxg6 Bxe5 23. b4 Bxd4+ 24. cxd4 Nb3 25. Bg5 Nxa1 26. Rxe6+ Kf7 27. Rf6+ Kg7 28. Rb6
Rc6 29. Rxb7+ Kg6 30. Bf4 Kf5 31. Be5 Rf8 32. Rd7 Ke4 33. Kg2 Rf3 0-1

[Event "2024 British Rapidplay Championship"]
[Site "Holiday Inn Peterborough - West"]
[Date "2024.03.03"]
[Round "7.47"]
[White "Hutchinson, Paul A"]
[Black "Sisupalan, Beni"]
[Result "1-0"]
[WhiteFideId "411558"]
[BlackFideId "494585"]
[WhiteElo "2064"]
[BlackElo "1756"]
[EventDate "2024.03.02"]

1. d4 Nf6 2. c4 g6 3. Nc3 d6 4. Bg5 Bg7 5. e3 Nbd7 6. Nf3 O-O 7. Be2 c6 8. Qc2 Qc7
9. O-O Re8 10. Rac1 b6 11. b4 Bb7 12. Rfd1 h6 13. Bh4 g5 14. Bg3 a5 15. a3 Rad8 16.
c5 axb4 17. axb4 Nf8 18. h3 Ne6 19. Na4 bxc5 20. bxc5 Nd5 21. Rb1 Qc8 22. Nb6 Nxb6
23. Rxb6 dxc5 24. Rdb1 Rd7 25. dxc5 Nd8 26. Be5 f6 27. Bc4+ Kf8 28. Bc3 e5 29. Nd2
Rde7 30. Ne4 Nf7 31. Bxf7 Rd8 32. Bc4 f5 33. Nd6 Rxd6 34. cxd6 1-0

[Event "2024 British Rapidplay Championship"]
[Site "Holiday Inn Peterborough - West"]
[Date "2024.03.03"]
[Round "7.48"]
[White "Mittal, Aditya"]
[Black "George, Matthew P"]
[Result "0-1"]
[WhiteFideId "499250"]
[BlackFideId "407763"]
[WhiteElo "1794"]
[BlackElo "2003"]
[EventDate "2024.03.02"]

1. b3 e5 2. Bb2 Nc6 3. c4 d6 4. e3 Be7 5. a3 Nf6 6. d4 O-O 7. Be2 Re8 8. Nf3 exd4
9. exd4 d5 10. O-O Bg4 11. Nbd2 Bf8 12. h3 Bh5 13. Rc1 Qd6 14. Re1 Rad8 15. Ne5 Bxe2
16. Rxe2 dxc4 17. Nxc6 Qxc6 18. bxc4 Rxe2 19. Qxe2 Re8 20. Qd3 Qd6 21. d5 Qf4 22.
Bd4 b6 23. Be3 Qd6 24. Nb3 a5 25. Nd4 Qxa3 26. Qxa3 Bxa3 27. Rc2 Bc5 28. Nf5 Bxe3
29. Nxe3 Ne4 30. f3 Nc5 31. Kf2 g6 32. g3 Kg7 33. Rd2 Nb7 34. g4 Kf6 35. f4 Nd6 36.
Kf3 Rxe3+ 37. Kxe3 Nxc4+ 38. Kd3 Nxd2 39. Kxd2 Ke7 40. Kd3 Kd6 41. Kd4 a4 42. f5
a3 43. Kc3 Kxd5 44. fxg6 fxg6 45. h4 b5 46. h5 b4+ 47. Kb3 gxh5 48. gxh5 c5 49. h6
Kd4 50. Ka2 c4 51. Kb1 Kd3 52. Ka2 Kd2 53. Ka1 c3 54. Ka2 c2 55. Kb3 c1=Q 56. Ka4
b3 57. Kb4 b2 58. Ka4 b1=Q 59. Ka5 Qc5+ 60. Ka4 Qbc2# 0-1

[Event "2024 British Rapidplay Championship"]
[Site "Holiday Inn Peterborough - West"]
[Date "2024.03.03"]
[Round "7.49"]
[White "Walton, Alan J"]
[Black "Smith, Gary P"]
[Result "1-0"]
[WhiteFideId "409898"]
[BlackFideId "424625"]
[WhiteElo "2063"]
[BlackElo "1815"]
[EventDate "2024.03.02"]

1. d4 Nf6 2. Bg5 Ne4 3. Bf4 c5 4. f3 Nf6 5. d5 d6 6. e4 Nh5 7. Be3 g6 8. Qd2 Bg7
9. c3 a6 10. a4 Nd7 11. Nh3 h6 12. Nf2 Nhf6 13. Be2 b6 14. O-O Nf8 15. Na3 g5 16.
Nc2 Ng6 17. b4 e5 18. dxe6 Bxe6 19. Rfd1 Bf8 20. Rab1 Be7 21. Ne1 O-O 22. g3 Qc7
23. f4 gxf4 24. gxf4 Bc8 25. f5 Nxe4 26. Nxe4 Bxf5 27. Qd5 Bxe4 28. Qxe4 Kh7 29.
Ng2 Rae8 30. Qf3 f5 31. Bd3 Qc8 32. Qh3 f4 33. Qxc8 Rxc8 34. Nxf4 Rg8 35. Nxg6 Rxg6+
36. Bxg6+ Kxg6 37. bxc5 bxc5 38. Kf2 Rf8+ 39. Ke2 Rf5 40. Rg1+ Kh7 41. Rb7 Rf7 42.
Rf1 1-0

[Event "2024 British Rapidplay Championship"]
[Site "Holiday Inn Peterborough - West"]
[Date "2024.03.03"]
[Round "7.50"]
[White "Grigoryan, Meri"]
[Black "Williams, Ana"]
[Result "0-1"]
[WhiteFideId "13300571"]
[BlackFideId "343419771"]
[WhiteElo "1957"]
[BlackElo "1804"]
[EventDate "2024.03.02"]

1. d4 Nf6 2. Nf3 d5 3. c4 e6 4. Nc3 c5 5. Bg5 cxd4 6. Qxd4 Nc6 7. Qd1 d4 8. Nb5 Bb4+
9. Bd2 Bxd2+ 10. Qxd2 e5 11. O-O-O a6 12. Na3 Ne4 13. Qe1 O-O 14. e3 Bf5 15. Nc2
Qb6 16. Nh4 Bg6 17. Nxg6 fxg6 18. f3 Nc5 19. b4 Na4 20. c5 Qc7 21. Bc4+ Kh8 22. exd4
exd4 23. Nxd4 b5 24. Ne6 Qf7 25. Bd5 Qf6 26. Nd4 Nxd4 27. Kd2 0-1

[Event "2024 British Rapidplay Championship"]
[Site "Holiday Inn Peterborough - West"]
[Date "2024.03.03"]
[Round "7.51"]
[White "Yu, Rock"]
[Black "McCusker, Andrew"]
[Result "1-0"]
[WhiteFideId "489000"]
[BlackFideId "2404281"]
[WhiteElo "1907"]
[BlackElo "1786"]
[EventDate "2024.03.02"]

1. c4 c6 2. Qa4 Nf6 3. Nc3 e6 4. e4 d5 5. cxd5 exd5 6. e5 Nfd7 7. d4 Nb6 8. Qd1 Be6
9. Bd3 Be7 10. f4 Qd7 11. Nge2 c5 12. Be3 c4 13. Bc2 Bf5 14. O-O Bxc2 15. Qxc2 Nc6
16. a3 f5 17. Rad1 O-O 18. Nc1 Rac8 19. Qf2 Na8 20. Qf3 Nc7 21. Kh1 b5 22. Rg1 a5
23. g4 b4 24. axb4 axb4 25. N3e2 Kh8 26. gxf5 Qxf5 27. Ng3 Qh3 28. Nce2 Ra8 29. f5
Ra5 30. Nf4 Qh4 31. f6 g6 32. fxe7 Qxe7 33. Qg4 Ra2 34. Qh3 Kg8 35. Nf5 Rxf5 36.
Qxf5 Qf7 37. Qb1 b3 38. Rdf1 Qf5 39. Qxf5 1-0

[Event "2024 British Rapidplay Championship"]
[Site "Holiday Inn Peterborough - West"]
[Date "2024.03.03"]
[Round "7.52"]
[White "Li, Xiaofan"]
[Black "Tart, Peter K"]
[Result "0-1"]
[WhiteFideId "343432689"]
[BlackFideId "471070"]
[WhiteElo "1771"]
[BlackElo "1987"]
[EventDate "2024.03.02"]

1. e4 e5 2. Nf3 d5 3. exd5 Bd6 4. Nc3 Nf6 5. d4 e4 6. Bb5+ c6 7. dxc6 bxc6 8. Ba4
exf3 9. Qxf3 O-O 10. O-O Qc7 11. h3 Bb7 12. Bg5 Nbd7 13. Rfe1 c5 14. d5 Ne5 15. Qd1
Nfd7 16. Nb5 Qb6 17. Nxd6 Qxd6 18. Bxd7 Qxd7 19. b3 f6 20. c4 Qf5 21. Bh4 Rad8 22.
Bg3 Bc8 23. Qb1 Rfe8 24. Re3 Qxb1+ 25. Rxb1 Bf5 26. Rbe1 Kf7 27. Bxe5 Rxe5 28. Rxe5
fxe5 29. g4 Bd3 30. Rxe5 Re8 31. f4 Rxe5 32. fxe5 Bb1 33. a3 Ba2 34. b4 cxb4 35.
axb4 Bxc4 36. d6 Ke6 37. Kf2 Bb5 0-1

[Event "2024 British Rapidplay Championship"]
[Site "Holiday Inn Peterborough - West"]
[Date "2024.03.03"]
[Round "7.53"]
[White "Zhang, Junyi"]
[Black "Vashisht-Pigem, Raman"]
[Result "0-1"]
[WhiteFideId "494437"]
[BlackFideId "469734"]
[WhiteElo "1701"]
[BlackElo "1990"]
[EventDate "2024.03.02"]

1. e4 e6 2. d4 d5 3. Nd2 Nc6 4. Ngf3 Nf6 5. e5 Nd7 6. c3 f6 7. exf6 Qxf6 8. Bb5 Bd6
9. O-O O-O 10. Nb3 Ne7 11. Bg5 Qf7 12. Qe2 Qg6 13. Bd3 Qf7 14. Ne5 Bxe5 15. dxe5
c5 16. c4 b5 17. cxd5 c4 18. dxe6 Qxe6 19. Qe4 Ng6 20. Qxa8 cxd3 21. Qxa7 Ndxe5 22.
Qd4 Qf5 23. Be3 Bb7 24. Nc5 Bc6 25. Rac1 Nf3+ 26. gxf3 Qxf3 27. Ne4 Bxe4 28. Qxe4
Qxe4 29. Rc5 Nh4 30. f3 Qxe3+ 31. Kh1 Qxc5 32. b3 d2 33. b4 Qc2 34. a4 d1=Q 35. a5
Qxf1# 0-1

[Event "2024 British Rapidplay Championship"]
[Site "Holiday Inn Peterborough - West"]
[Date "2024.03.03"]
[Round "7.54"]
[White "Sagues, Vincent"]
[Black "Siu, Kam Wa"]
[Result "1-0"]
[WhiteFideId "625680"]
[BlackFideId "6008860"]
[WhiteElo "1891"]
[BlackElo "1456"]
[EventDate "2024.03.02"]

1. e4 c5 2. Nf3 g6 3. d4 cxd4 4. Nxd4 Bg7 5. c4 Nc6 6. Be3 Nf6 7. Nc3 Ng4 8. Qxg4
Nxd4 9. Qd1 e5 10. Bd3 O-O 11. O-O d6 12. Ne2 Nc6 13. Qd2 a5 14. Rad1 Be6 15. b3
Qe7 16. Bb6 a4 17. b4 f5 18. b5 fxe4 19. Bxe4 Nd4 20. Nxd4 exd4 21. Rfe1 Qf6 22.
Bxb7 Rab8 23. Rxe6 Qxe6 24. Bd5 Qxd5 25. cxd5 Rxb6 26. Qe2 Rbb8 27. g3 Kh8 28. Rb1
Rf5 29. Qe6 Rbf8 30. b6 Rxf2 31. b7 d3 32. b8=Q d2 33. Qxf8+ Rxf8 34. Qg4 h5 35.
Qxa4 Rc8 36. Rd1 Rc1 37. Kf1 Bb2 38. Ke2 Bc3 39. h4 Kh7 40. Qd7+ Kh6 41. a4 Be5 42.
Rxd2 Bxg3 43. Qd8 Kg7 44. Rb2 Re1+ 45. Kd3 Rf1 46. Rb7+ Rf7 47. Rxf7+ Kxf7 48. a5
Bxh4 49. Qxh4 1-0

[Event "2024 British Rapidplay Championship"]
[Site "Holiday Inn Peterborough - West"]
[Date "2024.03.03"]
[Round "7.55"]
[White "McCarthy, Kevin C"]
[Black "Markan, Sanket"]
[Result "1-0"]
[WhiteFideId "470775"]
[BlackFideId "343442226"]
[WhiteElo "1974"]
[BlackElo "1680"]
[EventDate "2024.03.02"]

1. d4 Nf6 2. Nc3 d5 3. Bf4 a6 4. Nf3 e6 5. e3 c5 6. Be2 Nc6 7. O-O Bd6 8. Ne5 Qc7
9. Nf3 Bxf4 10. exf4 cxd4 11. Nxd4 Qxf4 12. Nb3 O-O 13. Bf3 Ne5 14. Be2 Bd7 15. g3
Qf5 16. f4 Neg4 17. Bxg4 Nxg4 18. Nd4 Qh5 19. Qd2 Rac8 20. Rae1 Rc4 21. Nf3 Bc6 22.
b3 Rc5 23. Nd1 Bb5 24. Ne3 Nxe3 25. Qxe3 Rxc2 26. Rf2 Rfc8 27. Nd4 R8c3 28. Rxc2
Rxe3 29. Rc8+ 1-0

[Event "2024 British Rapidplay Championship"]
[Site "Holiday Inn Peterborough - West"]
[Date "2024.03.03"]
[Round "7.56"]
[White "Gunarathne, Senith"]
[Black "Keohane, Benedict A"]
[Result "0-1"]
[WhiteFideId "343104324"]
[BlackFideId "433950"]
[WhiteElo "1591"]
[BlackElo "1855"]
[EventDate "2024.03.02"]

1. e4 e6 2. d4 d5 3. exd5 exd5 4. c4 Nf6 5. Nc3 c6 6. Nf3 Bd6 7. Be2 O-O 8. O-O h6
9. Be3 Re8 10. h3 Nbd7 11. Qb3 Nf8 12. cxd5 cxd5 13. Kh1 Bc7 14. Rac1 a6 15. Rfe1
b5 16. Nd2 Qd6 17. g3 Rxe3 18. fxe3 Qxg3 19. Nf3 Qxh3+ 20. Kg1 Qg3+ 21. Kh1 Ng4 22.
Nd1 Qh3+ 23. Kg1 Bh2+ 24. Kh1 Bg3+ 25. Kg1 Bf2+ 26. Nxf2 Qg3+ 27. Kh1 Nxf2# 0-1

[Event "2024 British Rapidplay Championship"]
[Site "Holiday Inn Peterborough - West"]
[Date "2024.03.03"]
[Round "7.57"]
[White "Takvorian, Sebouh"]
[Black "Killeen, Robert T"]
[Result "1-0"]
[WhiteFideId "430960"]
[BlackFideId "343444466"]
[WhiteElo "1735"]
[BlackElo "1945"]
[EventDate "2024.03.02"]

1. c4 e5 2. Nc3 Nc6 3. g3 d6 4. Bg2 g6 5. e4 f5 6. d3 Bh6 7. Nge2 Be6 8. O-O Qf6
9. Nd5 Bxd5 10. cxd5 Nd8 11. f4 exf4 12. exf5 fxg3 13. Nxg3 Qd4+ 14. Kh1 Bxc1 15.
Rxc1 1-0

[Event "2024 British Rapidplay Championship"]
[Site "Holiday Inn Peterborough - West"]
[Date "2024.03.03"]
[Round "7.58"]
[White "Patel, Zain"]
[Black "Pradhan, Ayan"]
[Result "1-0"]
[WhiteFideId "469246"]
[BlackFideId "498319"]
[WhiteElo "1828"]
[BlackElo "1622"]
[EventDate "2024.03.02"]

1. d4 d5 2. c4 e6 3. Nc3 Nf6 4. cxd5 exd5 5. Bg5 Be7 6. e3 c6 7. Bd3 Nbd7 8. Qc2
h6 9. Bh4 O-O 10. Nge2 Re8 11. O-O Ne4 12. Bxe7 Qxe7 13. Bxe4 dxe4 14. d5 Nc5 15.
dxc6 bxc6 16. Nd4 Bd7 17. Rfd1 Rab8 18. Rd2 Nd3 19. Rb1 c5 20. Nde2 Bc6 21. Ng3 Rbd8
22. Rbd1 Nb4 23. Qb3 Nd3 24. Qc4 Rb8 25. Qa6 Rb6 26. Qa3 c4 27. Qxe7 Rxe7 28. Nf5
Re5 29. Nd4 Bb7 30. b3 cxb3 31. axb3 Kh7 32. f3 f5 33. Ra1 a6 34. f4 Re8 35. Na4
Rb4 36. Nxf5 Rxb3 37. Nd6 Rd8 38. Nxb7 Rxb7 39. Nc5 Rb5 40. Nxe4 Rbd5 41. Rxa6 Re8
42. Ra3 Rxe4 43. Raxd3 Rxd3 44. Rxd3 Kg6 45. Kf2 Ra4 46. Kf3 h5 47. Rd6+ Kf7 48.
h3 Ra3 49. Rd5 g6 50. g4 hxg4+ 51. hxg4 Rb3 52. Ra5 Kg7 53. Ra6 Kf7 54. f5 gxf5 55.
gxf5 Rb5 56. Kf4 Rb4+ 57. e4 Rb1 58. Ra7+ Kf8 59. f6 Rf1+ 60. Ke5 Re1 61. Kf5 Rf1+
62. Ke6 Kg8 63. Ra8+ Kh7 64. f7 1-0

[Event "2024 British Rapidplay Championship"]
[Site "Holiday Inn Peterborough - West"]
[Date "2024.03.03"]
[Round "7.59"]
[White "Kennedy, Aden"]
[Black "Lees, Nicholas"]
[Result "1-0"]
[WhiteFideId "343401015"]
[BlackFideId "444073"]
[WhiteElo "1639"]
[BlackElo "1802"]
[EventDate "2024.03.02"]

1. e4 c5 2. Nf3 e6 3. c4 Nc6 4. Nc3 a6 5. Be2 Nge7 6. O-O d5 7. cxd5 exd5 8. exd5
Nxd5 9. d4 cxd4 10. Nxd4 Nxc3 11. bxc3 Bd7 12. Qb3 Bc5 13. Bc4 O-O 14. Nxc6 Bxc6
15. Bf4 Qf6 16. Bg3 Rad8 17. Rad1 h5 18. Bd5 h4 19. Bc7 Bxd5 20. Rxd5 Rxd5 21. Qxd5
Qxc3 22. Qxb7 Qc4 23. Be5 Qxa2 24. Qc6 Qc4 25. Qf3 Re8 26. Bf4 Qe2 27. Qc3 Bb6 28.
Qb4 Re6 29. Bc1 a5 30. Qc3 Re8 31. Bb2 Qg4 32. Qc6 Qe6 33. Qc3 Qg4 34. Qc6 Qe6 35.
Qc3 f6 36. h3 Rc8 37. Qd2 Kh8 38. Qf4 Rc4 39. Qf3 Kg8 40. Qa8+ Kh7 41. Qf3 Qe4 42.
Qh5+ Kg8 43. Ba3 Qe6 44. Qf3 Re4 45. Qc3 a4 46. Qc2 Qc4 47. Qb2 Qb3 48. Qc1 Rc4 49.
Qd2 Rd4 50. Qc1 Qc4 51. Qb2 Qe6 52. Qc2 Rd7 53. Qc8+ Kh7 54. Qc2+ g6 55. Qxa4 Ra7
56. Qxh4+ Kg7 57. Bc1 g5 58. Qb4 Ra2 59. Bb2 Ra7 60. Qb5 Kh6 61. Bc1 Ra5 62. Qb4
Ra8 63. Re1 Qf5 64. Qxb6 Ra2 65. h4 Kh5 66. hxg5 fxg5 67. Qe3 Ra1 68. Qh3+ Qxh3 69.
gxh3 Kh4 70. Bxg5+ Kxg5 71. Rxa1 1-0

[Event "2024 British Rapidplay Championship"]
[Site "Holiday Inn Peterborough - West"]
[Date "2024.03.03"]
[Round "7.60"]
[White "Hu, Junyan"]
[Black "Crawford, Owen"]
[Result "0-1"]
[WhiteFideId "343401260"]
[BlackFideId "343409393"]
[WhiteElo "1611"]
[BlackElo "1917"]
[EventDate "2024.03.02"]

1. e4 e5 2. Nf3 Nc6 3. Bc4 Nf6 4. Ng5 d5 5. exd5 Na5 6. Bb5+ c6 7. dxc6 bxc6 8. Qf3
cxb5 9. Qxa8 Qc7 10. Qf3 Nc6 11. c3 Bg4 12. Qd3 Nd4 13. f3 Bf5 14. Ne4 Nd7 15. Na3
Nc5 16. Qb1 Nde6 17. b4 Nxe4 18. fxe4 Bg4 19. h3 Bh5 20. O-O Be7 21. Nc2 Be2 22.
Re1 Bd3 23. Qb2 O-O 24. Ne3 Bxe4 25. Qb3 Nf4 26. Ba3 Nd3 27. Rf1 Nf4 28. Rae1 Qb7
29. Rf2 Nd3 30. Ref1 Nxf2 31. Rxf2 Bg6 32. Ng4 Qe4 33. Ne3 Bg5 34. Re2 Qd3 35. Qd1
Rd8 36. Qe1 h5 37. Bc1 Bf4 38. Nd1 Bg3 39. Nf2 Qb1 40. Re3 h4 41. a3 Bh5 42. Qf1
Qc2 43. Qe1 Bd1 44. Kf1 Bxf2 45. Kxf2 Qxc1 46. Rxe5 Rxd2+ 47. Kg1 Rd8 48. Re8+ Rxe8
49. Qxe8+ Kh7 50. Qe4+ g6 51. Qxh4+ Qh6 52. Qf2 Kg8 53. Qxa7 Qg5 54. Qb8+ Kh7 55.
Qb7 Bb3 56. Qf3 Bd5 57. Qf2 Kg8 58. Qe2 Be6 59. Qf3 Qd5 60. Qe3 Qd1+ 61. Kh2 Qd6+
62. Kg1 Bc4 63. Qf3 Qd3 64. Qa8+ Kg7 65. Qb8 Qxc3 66. Qc7 Qxa3 67. Qe5+ Kh7 68. Qe4
Qxb4 69. Qh4+ Kg8 70. Qd8+ Qf8 71. Qd4 Qc8 72. Qc3 Qf5 73. Qe3 Be6 74. Qd4 Qd5 75.
Qf4 Qd8 76. Qe5 Qb6+ 77. Kh2 b4 78. Qb2 b3 79. Qc3 b2 80. Qa3 b1=Q 81. Qa8+ Kg7 82.
Qf3 Qd6+ 83. Qg3 Qh1+ 84. Kxh1 Qxg3 85. Kg1 Bc4 86. Kh1 Bd5 87. Kg1 Qxg2# 0-1

[Event "2024 British Rapidplay Championship"]
[Site "Holiday Inn Peterborough - West"]
[Date "2024.03.03"]
[Round "7.61"]
[White "Botteley, Michael T"]
[Black "Manavalan, Keerthi Kumar"]
[Result "1-0"]
[WhiteFideId "427411"]
[BlackFideId "343412661"]
[WhiteElo "1896"]
[BlackElo "1559"]
[EventDate "2024.03.02"]

1. d4 Nf6 2. e3 g6 3. Nf3 Bg7 4. Be2 d6 5. b3 O-O 6. Bb2 Nc6 7. O-O e5 8. d5 Ne7
9. c4 Ne8 10. Nbd2 f5 11. Ne1 Rf7 12. Qc2 g5 13. f4 gxf4 14. exf4 exf4 15. Bxg7 Rxg7
16. Rxf4 Ng6 17. Rf2 Nf6 18. Nd3 Ng4 19. Bxg4 fxg4 20. Ne4 Bd7 21. Raf1 Qe7 22. Nf6+
Kh8 23. Nh5 Rag8 24. Qc3 Ne5 25. Nxe5 dxe5 26. Nxg7 Rxg7 27. Rf8+ Rg8 28. Rxg8+ Kxg8
29. Qe3 Qh4 30. Qxe5 g3 31. hxg3 Qg4 32. Qf6 Qg7 33. Qxg7+ Kxg7 34. Rf4 h5 35. Kf2
Bg4 36. Ke3 Kg8 37. Rxg4+ hxg4 38. Ke4 1-0

[Event "2024 British Rapidplay Championship"]
[Site "Holiday Inn Peterborough - West"]
[Date "2024.03.03"]
[Round "7.62"]
[White "Liu, Jacob"]
[Black "Lim, Mark"]
[Result "1-0"]
[WhiteFideId "496960"]
[BlackFideId "417734"]
[WhiteElo "1573"]
[BlackElo "1835"]
[EventDate "2024.03.02"]

1. e4 e6 2. d4 d5 3. Nd2 c5 4. exd5 Qxd5 5. Ngf3 cxd4 6. Bc4 Qd6 7. O-O Nf6 8. Nb3
Nc6 9. Nbxd4 Nxd4 10. Nxd4 Be7 11. c3 O-O 12. Qf3 Qc7 13. Bd3 Bd7 14. Bf4 Bd6 15.
Nb5 Bxb5 16. Bxd6 Qxd6 17. Bxb5 Qb6 18. Bd3 Rfd8 19. Rfd1 Rd7 20. b3 Rad8 21. Bc2
h6 22. Rxd7 Rxd7 23. Rd1 Qd8 24. h3 Rxd1+ 25. Qxd1 Qc7 26. Qd4 b6 27. c4 a5 28. g4
b5 29. c5 b4 30. h4 Nd7 31. Qe4 Nf8 32. c6 f5 33. gxf5 exf5 34. Qd5+ Kh8 35. Bxf5
Qe7 36. Qe4 Qc5 37. Bh3 Qc1+ 38. Kg2 Qc5 39. Bg4 Qd6 40. Bf3 Ne6 41. Be2 Nf4+ 42.
Kf3 Nxe2 43. Kxe2 Qc5 44. Kf3 Qc3+ 45. Kg2 Qc5 46. Qc4 Qd6 47. c7 Qg6+ 48. Kh3 Qf5+
49. Kg3 Qg6+ 50. Kf3 Qf6+ 51. Ke2 Qe5+ 52. Kd2 Qd6+ 53. Kc1 Qf6 54. c8=Q+ Kh7 55.
Qd3+ g6 56. Qdd7+ Qg7 57. Qxg7+ Kxg7 58. Qc7+ Kf6 59. Qxa5 g5 60. hxg5+ hxg5 61.
Qxb4 Kf5 62. a4 g4 63. a5 Kg5 64. a6 g3 65. fxg3 Kf5 66. a7 Ke5 67. a8=Q Ke6 68.
Qbe4+ Kf6 69. Qac6+ Kf7 70. Qeg6+ Ke7 71. Qgf6# 1-0